000 00344cam a22001097a 4500
008 180718b-- xxu||||| |||| 00| 0 eng d
082 _aA42x5414 A
100 _aOrissa. Law Department
245 _aOrissa acts, ordinances and regulations
260 _aCuttack
_bPrinting Stationery and Publications
_c--
500 _aLibrary has 1948-1952, 1981-1983
999 _c487620
_d487620